Model zakladania ovocného sadu a návratnosť investície
Cieľom príspevku je na základe modelu zakladania jabloňového sadu zistiť, či je reálne dosahovanie rentabilnej pozície ovocinárov v podmienkach Slovenska. Pri hodnotení efektívnosti investície sa použilo kritérium doby návratnosti i kritérium čistej súčasnej hodnoty. Zistila sa možnosť návratnosti i...
Guardado en:
| Autor principal: | |
|---|---|
| Otros Autores: | |
| Formato: | Capítulo de libro |
| Lenguaje: | eslovaco |
| Materias: | |
| Etiquetas: |
Sin Etiquetas, Sea el primero en etiquetar este registro!
|
MARC
| LEADER | 00000naa$a2200000$$$4500 | ||
|---|---|---|---|
| 001 | 0055919 | ||
| 005 | 20231018091708.9 | ||
| 041 | 0 | |a slo | |
| 044 | |a SK | ||
| 245 | 1 | 0 | |a Model zakladania ovocného sadu a návratnosť investície |c Ivan Mojmír Zoborský, Regína Dúbravská |
| 520 | |a Cieľom príspevku je na základe modelu zakladania jabloňového sadu zistiť, či je reálne dosahovanie rentabilnej pozície ovocinárov v podmienkach Slovenska. Pri hodnotení efektívnosti investície sa použilo kritérium doby návratnosti i kritérium čistej súčasnej hodnoty. Zistila sa možnosť návratnosti investície už po šiestom roku po výsadbe. | ||
| 610 | 2 | 0 | |a ovocinárstvo |
| 610 | 2 | 0 | |a návratnosť investícií |
| 610 | 2 | 0 | |a Slovensko |
| 100 | 1 | |a Zoborský, Ivan Mojmír | |
| 700 | 1 | |a Dúbravská, Regína | |